|
|
|
|
| LEADER |
00883nam a2200241 a 4500 |
| 001 |
11217717 |
| 008 |
100124s1986 fr i0 a0eng d |
| 022 |
|
|
|a 0378-4770
|
| 010 |
|
|
|a 78641944
|
| 040 |
|
|
|a NhD
|c NhD
|d DLC
|d NST
|d MH
|d NST
|d MH
|d NST
|d OCoLC
|d NST
|d MH
|d OCoLC
|d BD-DhAAL
|
| 082 |
|
|
|a 331.4/05
|
| 245 |
0 |
0 |
|a Women at work.
|
| 260 |
|
|
|a Geneva,
|b International Labour Office,
|c 1986
|
| 300 |
|
|
|a iv,60 p. :
|b ill.
|c 24 cm.
|
| 310 |
|
|
|a 2 no. a year
|
| 362 |
0 |
|
|a no. 1-1988, no. 2.
|
| 500 |
|
|
|a "An ILO newsbulletin."
|
| 541 |
1 |
|
|e 00003088
|
| 650 |
|
0 |
|a Women
|x Employment
|v Periodicals.
|
| 710 |
2 |
|
|a International Labour Office.
|
| 852 |
4 |
|
|a Ayesha Abed Library
|j General shelf
|
| 999 |
|
|
|c 7191
|d 7191
|
| 952 |
|
|
|0 0
|1 0
|2 ddc
|4 0
|6 331_405000000000000_WOM_1986
|7 0
|9 7480
|a BRACUL
|b BRACUL
|c GEN
|d 2010-01-26
|g 0.00
|l 0
|o 331.405 WOM
|p 3010003088
|r 2010-01-26
|t 1
|w 2010-01-26
|y BK
|z Not price in Register
|